| 000 | 00718nam a2200253 a 4500 | ||
|---|---|---|---|
| 999 |
_c346 _d346 |
||
| 001 | 18389 | ||
| 003 | BD-DhUAP | ||
| 005 | 20210124101439.0 | ||
| 008 | 200121r20111998ii a 001 0 eng d | ||
| 020 | _a9780070438705 | ||
| 020 | _a007043870X | ||
| 020 | _a007463870X | ||
| 040 |
_aDLC _cDLC _dDLC _dBD-DhAAL |
||
| 082 | 0 | 0 |
_a005.133 SCH _223 |
| 100 | 1 | _aSchildt, Herbert. | |
| 245 | 1 | 0 |
_aTeach yourself C++ / _cHerbert Schildt. |
| 250 | _a3rd ed. | ||
| 260 |
_aNew Delhi : _bTata McGraw-Hill, _cc1998 [Reprinted 2011]. |
||
| 300 |
_axix, 747 pages : _billustrations ; _c24 cm. |
||
| 500 | _aIncludes index. | ||
| 650 | 0 | _aC++ (Computer program language) | |
| 942 |
_2ddc _cBK |
||